00772 2200277 4500001002100000005001500021035002000036007000300056008004100059020001800100082001200118084001800130100003400148245004200182250001200224300002800236650002000264650002100284700003300305700003300338264003600371336002100407337003000428338002300458990001300481INLIS00000000112171420251107021757 a0010-1125000071ta251107 0 ind  a9786233764933 a340.115 a340.115 MUH s0 aMuhammad Mona AdhaePengarang1 aSosiologi Hukum /cMuhammad Mona Adha aEdisi 1 ax, 300 halaman ;c25 cm 4aSosiologi hukum 4aSociology of law0 aAqshal Arlia RayaePengarang0 aDayu Rika PerdanaePengarang aYogyakarta :bGraha Ilmu,c2023 2rdacontentaText 2rdamediaaTanpa perantara 2rdacarrieravolume a25/00081